20 Most Famous Cities in Lithuania on a Map - Statistics

General Stats
  • This quiz has been taken 157 times
  • The average score is 10 of 20
Answers on the Map
Answers color-coded by a green-red scale on the quiz's map according to % correct below.
 
Answer Stats
Wiki Monthly Views Cityquiz Mention Rate Population Answers % Correct
166.37K 41.61% 592.16K Vilnius
100%
58.37K 15.64% 304.21K Kaunas
97%
50.50K 11.02% 159.40K Klaipėda
90%
15.75K 2.38% 110.46K Šiauliai
72%
11.29K 1.43% 86.61K Panevėžys
71%
7.87K 1.10% 51.35K Alytus
66%
9.00K 1.19% 36.70K Marijampolė
62%
11.77K 1.34% 18.07K Palanga
55%
9.21K 0.45% 12.98K Druskininkai
44%
12.85K 0.97% 5.72K Trakai
44%
5.82K 0.62% 21.22K Tauragė
42%
5.18K 0.51% 22.02K Telšiai
42%
5.22K 0.82% 27.76K Utena
42%
5.14K 0.50% 33.38K Mažeikiai
38%
5.89K 0.41% 23.36K Kėdainiai
37%
7.12K 0.15% 2.38K Nida
35%
4.22K 0.43% 20.93K Ukmergė
33%
6.01K 0.29% 19.33K Visaginas
29%
4.52K 0.29% 16.00K Šilutė
27%
4.42K 0.08% 0.24K Kernavė
19%
No matching quizzes found
Score Distribution
Percent of People with Each Score
Percentile by Number Answered
Your Score History
You have not taken this quiz